00287nam a2200121Ia 4500008004100000100001500041245003400056260003000090300000900120650001400129942000700143999001500150190216s9999||||xx |||||||||||||| ||und|| aRostow. Ww 4aThe Stages Of Economic Growth bCambridge Uty Pressc1971 a253p aEconomics cBK c9308d9308